[Event "Bengaluru Karnataka op"]
[Site "Bengaluru"]
[Date "2023.05.26"]
[Round "2"]
[White "Shet, Prajwal P"]
[Black "Samanth, Nataraj Naidu"]
[Result "1-0"]
[WhiteElo "2096"]
[BlackElo "1215"]
[PlyCount "91"]
[EventDate "2023.05.26"]
[EventType "swiss"]
[EventRounds "9"]
[EventCountry "IND"]
[SourceTitle "CBM 214 Extra"]
[Source "ChessBase"]
[SourceDate "2023.07.31"]
[SourceVersion "1"]
[SourceVersionDate "2023.07.31"]
[SourceQuality "1"]

1. Nf3 d5 2. b3 Bf5 3. Bb2 e6 4. e3 Nf6 5. Be2 Bd6 6. 0-0 0-0 7. c4 c6 8. Nh4 Bg6 9. Nxg6 hxg6 10. d3 Nbd7 11. Nd2 e5 12. Rc1 Qa5 13. a3 Qc7 14. h3 d4 15. exd4 exd4 16. Bxd4 Bxa3 17. Ra1 Bc5 18. Bc3 Qb6 19. Ba5 Qa6 20. Bc7 Ba3 21. Nb1 c5 22. Rxa3 Qc6 23. Bg3 Nb6 24. Nc3 Rad8 25. Bf3 Qd7 26. Rxa7 Qxd3 27. Qxd3 Rxd3 28. Rxb7 Nxc4 29. bxc4 Rxc3 30. Bd5 Rd3 31. Bd6 Rd8 32. Bxf7+ Kh7 33. Be7 R8d7 34. Rxd7 Rxd7 35. Bxf6 gxf6 36. Bd5 Kh6 37. Rb1 Kg5 38. Rb5 Rc7 39. g3 f5 40. Rb6 Ra7 41. Kg2 Kh5 42. Rc6 Ra5 43. Bf7 f4 44. gxf4 Kh4 45. Rxg6 Ra6 46. Rg4# 1-0

[Event "Asian Schools-ch 12th U15"]
[Site "Tehran"]
[Date "2016.07.15"]
[Round "8.3"]
[White "Shet, Prajwal P"]
[Black "Piyumantha, M Sasith Nipun"]
[Result "1/2-1/2"]
[WhiteElo "1950"]
[BlackElo "2011"]
[PlyCount "24"]
[EventDate "2016.07.11"]
[EventType "swiss"]
[EventRounds "9"]
[EventCountry "IRI"]
[SourceTitle "EXT 2024"]
[Source "ChessBase"]
[SourceDate "2023.10.10"]
[SourceVersion "1"]
[SourceVersionDate "2023.10.10"]
[SourceQuality "1"]

1. d4 Nf6 2. Nf3 e6 3. c4 Bb4+ 4. Nbd2 b6 5. e3 Bb7 6. Bd3 0-0 7. 0-0 Bxd2 8. Bxd2 d6 9. Bc3 Nbd7 10. Qe2 Ne4 11. Bxe4 Bxe4 12. Nd2 Bb7 1/2-1/2

[Event "IND-ch U17"]
[Site "Bengaluru"]
[Date "2015.10.06"]
[Round "5"]
[White "Jayakumaar, S."]
[Black "Shet, Prajwal P"]
[Result "1-0"]
[WhiteElo "2223"]
[BlackElo "1963"]
[PlyCount "63"]
[EventDate "2015.10.03"]
[EventType "swiss"]
[EventRounds "11"]
[EventCountry "IND"]
[SourceTitle "CBM 168 Extra"]
[Source "ChessBase"]
[SourceDate "2015.10.29"]
[SourceVersion "1"]
[SourceVersionDate "2015.10.29"]
[SourceQuality "1"]

1. e4 c5 2. Nf3 Nc6 3. Bb5 g6 4. 0-0 Bg7 5. Bxc6 bxc6 6. Nc3 e5 7. d3 Ne7 8. Ne1 0-0 9. f4 exf4 10. Bxf4 d6 11. Nf3 Rb8 12. Rb1 Be6 13. Qd2 Qc7 14. b3 Rb7 15. Ne2 Qd8 16. Rf2 d5 17. Ng3 c4 18. Bh6 cxd3 19. cxd3 f6 20. Bxg7 Kxg7 21. Qb2 c5 22. Ng5 Rb6 23. Rbf1 d4 24. e5 Bf5 25. exf6+ Rbxf6 26. N3e4 Bxe4 27. Rxf6 Rxf6 28. Rxf6 Kxf6 29. Nxe4+ Kg7 30. Nxc5 Kg8 31. Ne4 Nf5 32. Qc2 1-0